[Event "Titled Tue 26th Aug Late"]
[Site "chess.com INT"]
[Date "2025.08.26"]
[Round "7"]
[White "Sharankov, Grigory"]
[Black "Kavyev, Ruslan"]
[Result "0-1"]
[WhiteTitle "CM"]
[BlackTitle "FM"]
[WhiteElo "2238"]
[BlackElo "2179"]
[WhiteFideId "4168356"]
[BlackFideId "34110981"]
[EventDate "2025.08.26"]

1. d4 Nf6 2. Nf3 g6 3. g3 b6 4. Bg2 Bb7 5. c4 Bg7 6. O-O O-O 7. Nc3 Ne4 8. Nxe4
Bxe4 9. b3 c5 10. Bb2 Nc6 11. e3 d6 12. Qd2 Qc8 13. Rad1 Qb7 14. d5 Bxf3 15.
Bxf3 Ne5 16. Bg2 b5 17. f4 Nd7 18. Bxg7 Kxg7 19. Rb1 a5 20. e4 Rfb8 21. e5 bxc4
22. exd6 exd6 23. Qc3+ Nf6 24. f5 Qb4 25. Qf3 g5 26. h4 g4 27. Qe3 h6 28. Rf4
Re8 29. Qc1 Re2 30. bxc4 Qd2 31. Qxd2 Rxd2 32. Rf2 Rd4 33. Rc2 Re8 34. Rb6 Re3
35. Kf2 Re5 36. Rxd6 Rxf5+ 37. Ke2 Ne4 38. Bxe4 Rxe4+ 39. Kd3 Rd4+ 40. Kc3 Rf3+
41. Kb2 Rxg3 42. Rc6 Rf3 43. Rxc5 g3 44. d6 Rxd6 45. Rd5 Rxd5 46. cxd5 Rf2 47.
d6 Rxc2+ 48. Kxc2 Kf8 0-1

[Event "Titled Tue 26th Aug Late"]
[Site "chess.com INT"]
[Date "2025.08.26"]
[Round "7"]
[White "Foldes, Marton Gabor"]
[Black "Bagchi, Sounak"]
[Result "0-1"]
[WhiteTitle "FM"]
[WhiteElo "2293"]
[BlackElo "2030"]
[WhiteFideId "794708"]
[BlackFideId "30970059"]
[EventDate "2025.08.26"]

1. Nf3 c5 2. c4 Nf6 3. Nc3 Nc6 4. d4 cxd4 5. Nxd4 g6 6. e4 d6 7. Be2 Nxd4 8.
Qxd4 Bg7 9. O-O O-O 10. Qd3 Be6 11. f3 Nd7 12. b3 Rc8 13. Be3 b5 14. Nxb5 Bxa1
15. Rxa1 a6 16. Nd4 Ne5 17. Qd1 Nc6 18. Bh6 Re8 19. Nxe6 fxe6 20. f4 e5 21. Bg4
e6 22. Bxe6+ Rxe6 23. Qd5 Qb6+ 24. Kh1 Re8 25. f5 Qd4 26. Rd1 Qxd5 27. cxd5 gxf5
28. dxe6 Rxe6 29. Be3 fxe4 30. Kg1 Ne7 31. Bg5 Nf5 32. g4 Nd4 33. Kf2 Rg6 34.
Be3 Nf3 35. h3 Kf7 36. a3 Ke6 37. b4 Rf6 38. Ke2 Rf8 39. a4 Rc8 40. Rb1 Rc2+ 41.
Kd1 Ra2 42. b5 axb5 43. axb5 d5 44. b6 d4 45. b7 dxe3 46. Rb6+ Ke7 0-1

[Event "Titled Tue 26th Aug Late"]
[Site "chess.com INT"]
[Date "2025.08.26"]
[Round "7"]
[White "Khanbutaev, Artemii"]
[Black "Shapiro, Daniel"]
[Result "1-0"]
[BlackTitle "FM"]
[WhiteElo "2145"]
[BlackElo "2284"]
[WhiteFideId "55747175"]
[BlackFideId "2001780"]
[EventDate "2025.08.26"]

1. d4 Nf6 2. c4 e6 3. g3 d5 4. Nf3 Bb4+ 5. Bd2 Be7 6. Bg2 c6 7. O-O O-O 8. Qc2
b6 9. b3 Ba6 10. a4 Nbd7 11. a5 b5 12. c5 e5 13. dxe5 Ng4 14. b4 Ngxe5 15. e4
dxe4 16. Qxe4 Bf6 17. Bc3 Re8 18. Rd1 Qc7 19. Ra2 Rac8 20. Qf5 Re7 21. Rad2 Rce8
22. Nxe5 Nxe5 23. Qf4 Bc8 24. Rd6 h6 25. Nd2 Ng6 26. Qf3 Re1+ 27. Rxe1 Rxe1+ 28.
Nf1 Bxc3 29. Qxc3 Bd7 30. Qxe1 Kf8 31. Ne3 Be8 32. Qd2 Ne5 33. Qc3 f6 34. f4 Bg6
35. fxe5 fxe5 36. Qxe5 Qf7 37. Qf4 Bd3 38. Rd8+ Ke7 39. Rd7+ Kxd7 40. Qxf7+ Kd8
41. Bxc6 Bf5 42. Nxf5 a6 43. Qd7# 1-0

[Event "Titled Tue 26th Aug Late"]
[Site "chess.com INT"]
[Date "2025.08.26"]
[Round "7"]
[White "Yurovskykh, Oleksandr"]
[Black "Jasinski, Alexander"]
[Result "0-1"]
[WhiteTitle "FM"]
[WhiteElo "2379"]
[BlackElo "2063"]
[WhiteFideId "14134020"]
[BlackFideId "55627994"]
[EventDate "2025.08.26"]

1. d4 Nf6 2. Nf3 g6 3. Bg5 Bg7 4. Nbd2 O-O 5. c3 b6 6. e4 Bb7 7. Bd3 d6 8. Qe2
h6 9. Bh4 Nbd7 10. O-O Nh5 11. Qe3 c5 12. d5 a6 13. a4 Re8 14. g4 Nhf6 15. h3 e6
16. dxe6 Rxe6 17. Qf4 Ne5 18. Bc2 Qd7 19. Nxe5 dxe5 20. Qe3 Rd8 21. Rfd1 Qc7 22.
f3 b5 23. axb5 axb5 24. Nb3 g5 25. Bf2 Rxd1+ 26. Rxd1 c4 27. Nc5 Rc6 28. Nxb7
Qxb7 29. Rd8+ Kh7 30. Qd2 Qa6 31. b4 cxb3 32. Bxb3 Qa1+ 33. Kg2 Qxc3 34. Qxc3
Rxc3 35. Bxf7 b4 36. Rb8 h5 37. gxh5 b3 38. Bxb3 Nxh5 39. Bg8+ Kg6 40. Rb6+ Bf6 0-1

[Event "Titled Tue 26th Aug Late"]
[Site "chess.com INT"]
[Date "2025.08.26"]
[Round "7"]
[White "Arnold, Rhys"]
[Black "Tikhonov, Viacheslav"]
[Result "0-1"]
[WhiteTitle "FM"]
[BlackTitle "CM"]
[WhiteElo "2269"]
[BlackElo "2183"]
[WhiteFideId "1068849"]
[BlackFideId "44196407"]
[EventDate "2025.08.26"]

1. e4 c5 2. Nf3 Nc6 3. d4 cxd4 4. Nxd4 g6 5. c4 Nf6 6. Nc3 Nxd4 7. Qxd4 d6 8.
Be2 Bg7 9. Be3 O-O 10. Qd3 Be6 11. O-O Qa5 12. Rac1 Rfc8 13. b3 a6 14. Nd5 Nxd5
15. exd5 Bf5 16. Qd2 Qa3 17. h4 a5 18. h5 Qb4 19. h6 Be5 20. Rfd1 Qxd2 21. Rxd2
b5 22. g4 Bd7 23. f4 Bf6 24. g5 Bh8 25. c5 dxc5 26. Rxc5 Rxc5 27. Bxc5 Kf8 28.
Bf3 Rc8 29. b4 Bc3 30. Rd3 Bxb4 31. Bxb4 axb4 32. Kg2 Rc2+ 33. Kg3 Rxa2 34. Rb3
Ra4 35. Rb2 Bf5 36. Rb3 Ke8 37. Re3 Kd7 38. Re2 Ra3 39. Rb2 Be4 0-1

[Event "Titled Tue 26th Aug Late"]
[Site "chess.com INT"]
[Date "2025.08.26"]
[Round "7"]
[White "Benedek, Istvan"]
[Black "Montano Vicente, Guadalupe"]
[Result "1-0"]
[WhiteTitle "CM"]
[WhiteElo "2214"]
[BlackElo "1990"]
[WhiteFideId "1230263"]
[BlackFideId "5181399"]
[EventDate "2025.08.26"]

1. e4 c5 2. d4 cxd4 3. c3 Nf6 4. e5 Nd5 5. Nf3 d6 6. cxd4 Nc6 7. Bc4 Nb6 8. Bb3
dxe5 9. O-O exd4 10. Ng5 e6 11. Qh5 Qf6 12. Ne4 Qg6 13. Qe2 Be7 14. Bc2 f5 15.
Ng3 O-O 16. Bf4 Nd5 17. Be5 Ndb4 18. Bb3 d3 19. Qe3 Nc2 20. Bxc2 dxc2 21. Nc3
Nxe5 22. Qxe5 Bf6 23. Qc7 f4 24. Nge4 e5 25. Rac1 Bf5 26. Nd6 Bd3 27. Rfe1 b6
28. Nd5 Rad8 29. Nb4 f3 30. g3 e4 31. Qc6 Bxb2 32. Nxd3 exd3 33. Qc4+ Kh8 34.
Re6 Qh5 35. Re7 Bxc1 36. Nf7+ Rxf7 37. Rxf7 d2 38. h4 d1=Q+ 39. Kh2 1-0

[Event "Titled Tue 26th Aug Late"]
[Site "chess.com INT"]
[Date "2025.08.26"]
[Round "7"]
[White "Kleimenov, Nikolay"]
[Black "Dyachuk, Artem"]
[Result "1-0"]
[WhiteTitle "CM"]
[BlackTitle "FM"]
[WhiteElo "2244"]
[BlackElo "2298"]
[WhiteFideId "34414223"]
[BlackFideId "34107924"]
[EventDate "2025.08.26"]

1. e4 e5 2. Nf3 Nc6 3. Bc4 Nf6 4. d3 Bc5 5. c3 d6 6. Bg5 h6 7. Bh4 g5 8. Bg3 Nh5
9. Nxe5 Nxg3 10. Bxf7+ Kf8 11. Ng6+ Kxf7 12. Nxh8+ Qxh8 13. hxg3 Qf6 14. O-O Bb6
15. d4 Bd7 16. Nd2 Kg7 17. Qe2 g4 18. Rfe1 Rf8 19. Nc4 h5 20. Ne3 Qg5 21. Nd5 h4
22. Qe3 Qh5 23. Nf4 Qh6 24. Nd5 Qh5 25. gxh4 Qxh4 26. g3 Qh5 27. Nf4 Qf7 28. Kg2
Re8 29. Rh1 Bf5 30. Nh5+ Kf8 31. Qh6+ Ke7 32. exf5 Qd5+ 33. Kh2 Kd8 34. Rae1 Rg8
35. Qf6+ Kd7 36. Qe6+ Qxe6 37. Rxe6 Rf8 38. Nf6+ Kd8 39. Rhe1 Ne7 40. Rxe7 Rxf6
41. d5 Bxf2 42. Re8+ 1-0

[Event "Titled Tue 26th Aug Late"]
[Site "chess.com INT"]
[Date "2025.08.26"]
[Round "7"]
[White "Popov, Konstantin"]
[Black "Aravindh, Chithambaram VR."]
[Result "0-1"]
[WhiteTitle "IM"]
[BlackTitle "GM"]
[WhiteElo "2397"]
[BlackElo "2723"]
[WhiteFideId "34137910"]
[BlackFideId "5072786"]
[EventDate "2025.08.26"]

1. e4 c5 2. Nf3 Nc6 3. d4 cxd4 4. Nxd4 Nf6 5. Nc3 h5 6. h3 g6 7. Nxc6 bxc6 8. e5
Nh7 9. Bc4 Bg7 10. Bf4 Qa5 11. Qe2 Rb8 12. Bb3 Ba6 13. Qf3 O-O 14. O-O-O Bc8 15.
Rhe1 Rb4 16. g4 h4 17. Ne4 Bxe5 18. Bh6 d5 19. Bxf8 Kxf8 20. Nc3 Ng5 21. Qg2 Qc7
22. Kb1 Bxc3 23. bxc3 Rb6 24. f4 Qxf4 25. Qe2 Ne4 26. Qe3 Qe5 27. Rd4 c5 28.
Qh6+ Ke8 29. Rdxe4 dxe4 30. Qh7 c4 31. Qg8+ Kd7 32. Rd1+ Kc7 33. Qd8+ Kb8 34.
Rd5 Qc7 35. Qxc7+ Kxc7 36. Rc5+ Rc6 37. Rxc6+ Kxc6 38. Bxc4 f5 39. gxf5 gxf5 40.
Kc1 f4 41. Bf1 Kc5 42. Kd2 e3+ 43. Ke1 e5 0-1

[Event "Titled Tue 26th Aug Late"]
[Site "chess.com INT"]
[Date "2025.08.26"]
[Round "7"]
[White "Korchynskyi, Mykola"]
[Black "Bulgak, Damir"]
[Result "1-0"]
[WhiteTitle "FM"]
[BlackTitle "CM"]
[WhiteElo "2359"]
[BlackElo "2254"]
[WhiteFideId "34138005"]
[BlackFideId "13528882"]
[EventDate "2025.08.26"]

1. d4 Nf6 2. c4 e6 3. Nc3 d5 4. Nf3 dxc4 5. Bg5 Be7 6. e3 O-O 7. Bxc4 a6 8. O-O
b5 9. Bd3 Bb7 10. Rc1 Nbd7 11. Bxf6 Nxf6 12. Qe2 Rc8 13. Rfd1 Nd7 14. Ne4 Qe8
15. Nc5 Nxc5 16. dxc5 Bf6 17. b4 Qc6 18. Qc2 g6 19. Ne1 Rfd8 20. f3 Qe8 21. c6
Ba8 22. a4 bxa4 23. Bxa6 Rxd1 24. Rxd1 Rb8 25. b5 a3 26. Qa2 Qe7 27. Nc2 Qc5 28.
Nd4 e5 29. Nc2 Bxc6 30. Nxa3 Qxe3+ 31. Kh1 Bxf3 32. Rf1 Be4 33. Nc4 Qd4 34. Nd2
Bd5 35. Qc2 e4 36. Re1 e3 37. Nf1 Qe4 38. Qxe4 Bxe4 39. Nxe3 Rd8 40. Ng4 Bg7 41.
h3 Bf5 42. Ne3 Be6 43. Rc1 Be5 44. Re1 1-0

[Event "Titled Tue 26th Aug Late"]
[Site "chess.com INT"]
[Date "2025.08.26"]
[Round "7"]
[White "Hejazipour, Mitra"]
[Black "Ono, David"]
[Result "1-0"]
[WhiteTitle "WGM"]
[WhiteElo "2329"]
[BlackElo "2110"]
[WhiteFideId "12505951"]
[BlackFideId "146943"]
[EventDate "2025.08.26"]

1. d4 d5 2. c4 c6 3. Nf3 Nf6 4. Qc2 g6 5. e3 Bg7 6. Bd3 O-O 7. O-O a5 8. b3 Na6
9. a3 Be6 10. Bb2 Rc8 11. c5 Nc7 12. Bc3 Ra8 13. a4 Qc8 14. Qd2 Bf5 15. Bxf5
Qxf5 16. Bxa5 Ne4 17. Qe1 Ne6 18. Bb6 N6xc5 19. Bxc5 Nxc5 20. Nbd2 Nd7 21. e4
dxe4 22. Qxe4 Rfe8 23. Qxf5 gxf5 24. Rae1 Rad8 25. Nc4 b5 26. Na5 Nb8 27. Nb7
Rd7 28. Nc5 Ra7 29. Ne5 e6 30. Ra1 Rd8 31. Rfd1 bxa4 32. bxa4 Na6 33. Nxc6 Nxc5
34. Nxa7 Nb3 35. Rab1 Nxd4 36. a5 Be5 37. a6 Ra8 38. Rb7 Kg7 39. Kf1 f4 40. Rc1
f3 41. Rc8 Rxc8 42. Nxc8 Nc6 43. a7 fxg2+ 44. Kxg2 Nxa7 45. Rxa7 Bd4 46. Rd7 Bc5
47. Nd6 Bxd6 48. Rxd6 Kf6 49. Kf3 Ke5 50. Rd7 Kf6 51. Kf4 h6 52. h4 Kg6 53. h5+
Kf6 54. Ra7 e5+ 55. Ke4 Kg7 56. Kxe5 1-0

[Event "Titled Tue 26th Aug Late"]
[Site "chess.com INT"]
[Date "2025.08.26"]
[Round "7"]
[White "Szpar, Milosz"]
[Black "Palczert, Matyas"]
[Result "0-1"]
[WhiteTitle "GM"]
[BlackTitle "FM"]
[WhiteElo "2490"]
[BlackElo "2427"]
[WhiteFideId "1184989"]
[BlackFideId "784958"]
[EventDate "2025.08.26"]

1. e4 e5 2. Nf3 Nc6 3. d4 exd4 4. Nxd4 Bc5 5. Nb3 Bb6 6. Nc3 d6 7. Qe2 a5 8. Be3
a4 9. Bxb6 axb3 10. Be3 bxa2 11. Rxa2 Rxa2 12. Nxa2 Nge7 13. g3 d5 14. Bg2 Be6
15. b3 d4 16. Bd2 d3 17. Qxd3 Qxd3 18. cxd3 Bxb3 19. Nc1 Be6 20. Bc3 O-O 21. d4
Bc4 22. Kd2 Na7 23. Bb4 Re8 24. Re1 Nec6 25. Bc3 Rd8 26. d5 Ne7 27. Ke3 c6 28.
Bb4 Nec8 29. Rd1 cxd5 30. exd5 Nb5 31. Kf4 Nb6 32. d6 Rd7 33. Bh3 Be6 34. Bxe6
fxe6 35. Ke5 Kf7 36. Rd3 Nc4+ 37. Kf4 e5+ 38. Kg4 Nbxd6 39. Rf3+ Ke6 40. Nd3 b6
41. Rf8 Kd5 42. Rh8 Kd4 43. Ne1 h6 44. Nf3+ Kd5 45. Kh5 e4 46. Ng1 Ne5 47. Ne2
Kc4 48. Ba3 Nf5 49. Bb2 g6# 0-1

[Event "Titled Tue 26th Aug Late"]
[Site "chess.com INT"]
[Date "2025.08.26"]
[Round "7"]
[White "Chen, Yidong"]
[Black "Demaria, Juan Pablo"]
[Result "1-0"]
[BlackTitle "FM"]
[WhiteElo "2068"]
[BlackElo "2215"]
[WhiteFideId "8607028"]
[BlackFideId "104922"]
[EventDate "2025.08.26"]

1. Nf3 c5 2. e4 Nc6 3. Bb5 g6 4. O-O Bg7 5. c3 d6 6. h3 Bd7 7. d4 Nf6 8. e5 dxe5
9. d5 e4 10. dxc6 bxc6 11. Be2 exf3 12. Bxf3 O-O 13. Be3 Rb8 14. Qe2 Qa5 15. Na3
Nd5 16. Nc4 Qa6 17. Bg5 Be6 18. b3 Nxc3 19. Qc2 Nd5 20. Rad1 Rfe8 21. a3 Bf5 22.
Be4 Bxe4 23. Qxe4 Nc3 24. Qf3 Nxd1 25. Rxd1 Qb5 26. Rd3 f6 27. Bf4 e5 28. Nd6
Qa6 29. Nxe8 Rxe8 30. Re3 Kf7 31. Bg3 Re6 32. Qd1 Re7 33. Rd3 c4 34. Rd8 Qb5 35.
bxc4 Qxc4 36. Kh2 h5 37. h4 Bh6 38. Ra8 Bf4 39. Qd8 Bxg3+ 40. fxg3 Ke6 41. Qg8+
Rf7 42. Re8+ Kf5 43. Rb8 g5 44. Qc8+ Qe6 45. Qh8 1-0

[Event "Titled Tue 26th Aug Late"]
[Site "chess.com INT"]
[Date "2025.08.26"]
[Round "7"]
[White "Ellison, Jeremy"]
[Black "Lemos, Dawton Almino"]
[Result "0-1"]
[WhiteTitle "CM"]
[BlackTitle "FM"]
[WhiteElo "1819"]
[BlackElo "2172"]
[WhiteFideId "241000030"]
[BlackFideId "2146797"]
[EventDate "2025.08.26"]

1. d4 Nf6 2. Nc3 d5 3. Bf4 c6 4. e3 g6 5. g4 Bxg4 6. f3 Bf5 7. h4 h5 8. Nge2
Nbd7 9. Ng3 Be6 10. Qd2 Bh6 11. Bd3 Bxf4 12. exf4 Qc7 13. O-O-O O-O-O 14. Kb1
Kb8 15. Na4 Qd6 16. c3 Nf8 17. b4 Bc8 18. Nc5 b6 19. Nb3 Ne6 20. f5 Qxg3 21.
fxe6 Bxe6 22. a4 Qd6 23. a5 Kb7 24. axb6 axb6 25. Kb2 Ra8 26. Ra1 Bf5 27. Be2 e5
28. dxe5 Qxe5 29. Nd4 Bd7 30. Bd3 Rhe8 31. Rhe1 Qd6 32. Qg5 Rxa1 33. Rxa1 Ra8
34. Re1 c5 35. Nc2 d4 36. bxc5 bxc5 37. cxd4 cxd4 38. Rb1 Kc7 39. Kc1 Bc6 40. f4
Nd5 41. f5 Qf4+ 42. Qxf4+ Nxf4 43. fxg6 Nxd3+ 44. Kd2 Ne5 45. gxf7 d3 46. Nd4
Nxf7 47. Kxd3 Ne5+ 48. Ke3 Kd6 49. Nxc6 Nxc6 50. Kf4 Rg8 51. Re1 Rg4+ 52. Kf5
Nd4+ 53. Kf6 Rxh4 54. Rd1 Kd5 55. Kg5 Rh2 56. Ra1 Ke4 57. Re1+ Ne2 58. Ra1 h4
59. Ra4+ Nd4 60. Ra3 Nf3+ 61. Kg4 Ne5+ 62. Kh5 h3 63. Ra4+ Kf3 64. Ra3+ Ke4 65.
Kh4 Nf3+ 66. Kg3 Rg2+ 67. Kxh3 Re2 68. Kg4 Nd4 69. Ra4 Rg2+ 70. Kh3 Rg8 71. Kh4
Ke3 72. Ra3+ Kf4 73. Kh5 Nf5 74. Ra1 Rg5# 0-1

[Event "Titled Tue 26th Aug Late"]
[Site "chess.com INT"]
[Date "2025.08.26"]
[Round "7"]
[White "Zouaghi, Amir"]
[Black "Dubnevych, Maksym"]
[Result "1-0"]
[WhiteTitle "FM"]
[BlackTitle "FM"]
[WhiteElo "2301"]
[BlackElo "2296"]
[WhiteFideId "249262"]
[BlackFideId "14184001"]
[EventDate "2025.08.26"]

1. d4 Nf6 2. Nf3 d5 3. g3 c5 4. Bg2 cxd4 5. O-O h6 6. b3 e6 7. Bb2 Bc5 8. Nxd4
e5 9. Nf3 e4 10. Nd4 Nc6 11. Nxc6 bxc6 12. Bd4 Be7 13. e3 O-O 14. c4 Ba6 15. Nd2
Qa5 16. a3 c5 17. b4 Qc7 18. bxc5 dxc4 19. Nxe4 Nxe4 20. Bxe4 Rab8 21. Qg4 Bg5
22. h4 Bc8 23. Bf5 Bxf5 24. Qxf5 Be7 25. Qg4 g6 26. h5 Kh7 27. hxg6+ fxg6 28.
Qe6 Rbe8 29. Qxc4 Bg5 30. c6 Bxe3 31. Bxe3 Rxe3 32. Kg2 Ref3 33. Rab1 Qe5 34.
Rb7+ Kh8 35. c7 Rc3 36. Qb4 Rc8 37. Rxa7 Qd5+ 38. Kg1 R3xc7 39. Rxc7 Rxc7 40.
Qb8+ Kg7 41. Qxc7+ Kf6 42. Qf4+ Kg7 43. Qe3 h5 44. Re1 Kh7 45. Qe7+ Kh6 46. Qf8+
Kg5 47. Qf4# 1-0

[Event "Titled Tue 26th Aug Late"]
[Site "chess.com INT"]
[Date "2025.08.26"]
[Round "7"]
[White "Fernandes, Rogerio Paulo Muller"]
[Black "Buchenau, Frank"]
[Result "0-1"]
[BlackTitle "FM"]
[WhiteElo "2241"]
[BlackElo "2205"]
[WhiteFideId "2101599"]
[BlackFideId "4604350"]
[EventDate "2025.08.26"]

1. c4 e5 2. g3 Nf6 3. Bg2 c6 4. Nf3 e4 5. Nd4 d5 6. cxd5 Qxd5 7. Nc2 Qh5 8. h3
Na6 9. Nc3 Qg6 10. a3 Bd6 11. b4 O-O 12. Bb2 Nc7 13. Ne3 Re8 14. Qc2 Bd7 15. Nc4
Bf8 16. O-O h5 17. h4 Rad8 18. Rad1 Bc8 19. Ne3 Ncd5 20. Ncxd5 Nxd5 21. Nxd5
Rxd5 22. d3 exd3 23. exd3 Rd6 24. Rfe1 Red8 25. Re3 Bg4 26. Bf3 Bf5 27. Be2 R6d7
28. Qc3 Be7 29. d4 Bf6 30. Qc4 Be6 31. Qd3 Bf5 32. Qc4 Bg4 33. Bxg4 Qxg4 34.
Red3 Qe4 35. Qc2 Rd5 36. Qd2 Qf5 37. Qe3 Qd7 38. Kg2 Re8 39. Qf3 g6 40. R1d2 Rf5
41. Qd1 Qd5+ 42. Kg1 Bg7 43. Re2 Rxe2 44. Qxe2 Qd7 45. Re3 Bf6 46. Re8+ Kg7 0-1

[Event "Titled Tue 26th Aug Late"]
[Site "chess.com INT"]
[Date "2025.08.26"]
[Round "7"]
[White "Kulik, Nicolas"]
[Black "Nicot, Valentin"]
[Result "0-1"]
[BlackTitle "CM"]
[WhiteElo "2111"]
[BlackElo "2140"]
[WhiteFideId "3009530"]
[BlackFideId "651002477"]
[EventDate "2025.08.26"]

1. e4 g6 2. d4 Bg7 3. Nc3 d6 4. f4 a6 5. Nf3 b5 6. Bd3 Bb7 7. Qe2 Nd7 8. O-O c5
9. e5 cxd4 10. Nd1 e6 11. c3 dxc3 12. Nxc3 d5 13. Nd4 Ne7 14. f5 Nxf5 15. Bxf5
gxf5 16. Qh5 Qe7 17. Bg5 Qc5 18. Be3 Bxe5 19. Nce2 Qe7 20. Bg5 Bf6 21. Bf4 Nc5
22. Rac1 Rc8 23. b4 Ne4 24. Rxc8+ Bxc8 25. Rc1 Bd7 26. Be3 O-O 27. Nf3 Kh8 28.
Ng3 Nxg3 29. hxg3 Rg8 30. Bc5 Qe8 31. Kf2 Rg6 32. Rh1 Qg8 33. Qh3 e5 34. Bd6 f4
35. Bxe5 Bxh3 36. Rxh3 fxg3+ 37. Bxg3 Qg7 38. Nh4 Bxh4 39. Bxh4 Rxg2+ 40. Kf1
Rg1+ 41. Ke2 Qg2+ 42. Bf2 Qxh3 43. Kd2 Qe6 44. Kc3 Rg2 45. Bc5 Rf2 46. Kb3 f5
47. Bd4+ Kg8 48. Ka3 Qe4 49. Bc3 Rf3 50. Kb3 Rxc3+ 51. Kxc3 f4 52. Kb3 f3 53.
Ka3 f2 54. Kb2 f1=Q 55. Ka3 Qfd3+ 56. Kb2 Qee2+ 57. Kc1 Qdd1# 0-1

[Event "Titled Tue 26th Aug Late"]
[Site "chess.com INT"]
[Date "2025.08.26"]
[Round "7"]
[White "Garcia Hernandez, Rebeca"]
[Black "Hariharan, Shambavi"]
[Result "0-1"]
[WhiteTitle "WCM"]
[BlackTitle "WCM"]
[WhiteElo "1943"]
[BlackElo "2069"]
[WhiteFideId "5180872"]
[BlackFideId "488160"]
[EventDate "2025.08.26"]

1. d4 Nf6 2. Nf3 e6 3. Bf4 c5 4. e3 Qb6 5. Qc1 Nc6 6. c3 d5 7. Nbd2 Nh5 8. Bg3
Be7 9. Be2 Nxg3 10. hxg3 h6 11. Qc2 Qc7 12. O-O O-O 13. e4 dxe4 14. Qxe4 cxd4
15. Nxd4 Nxd4 16. Qxd4 Rd8 17. Qc4 Qb6 18. Nb3 Bd7 19. Rfd1 Rac8 20. Qe4 Bc6 21.
Qg4 a5 22. Bf3 a4 23. Nd4 Bxf3 24. gxf3 Bc5 25. b4 Bxd4 26. Rxd4 Rxc3 27. Rxd8+
Qxd8 28. Kg2 Rc2 29. b5 Qd2 30. Rf1 Rxa2 31. Qc4 a3 32. Qc8+ Kh7 33. Qxb7 Rb2
34. Qe4+ g6 35. Qb7 Kg7 36. Qa6 a2 37. b6 Qb4 38. b7 Qxb7 39. Qxb7 Rxb7 40. Ra1
Rb2 41. f4 Kf6 42. Kf3 h5 43. Ke3 Kf5 44. Kf3 e5 45. fxe5 Kxe5 46. Ke3 f5 47.
f4+ Kf6 48. Kf3 g5 49. fxg5+ Kxg5 50. Ke3 Kg4 51. Rf1 Rb1 52. Rf4+ Kg5 53. Ra4
a1=Q 0-1

[Event "Titled Tue 26th Aug Late"]
[Site "chess.com INT"]
[Date "2025.08.26"]
[Round "7"]
[White "Tsvetkov, Andrey"]
[Black "Caruana, Fabiano"]
[Result "0-1"]
[WhiteTitle "IM"]
[BlackTitle "GM"]
[WhiteElo "2403"]
[BlackElo "2784"]
[WhiteFideId "34139360"]
[BlackFideId "2020009"]
[EventDate "2025.08.26"]

1. d4 Nf6 2. c4 e6 3. Nc3 Bb4 4. e3 b6 5. Ne2 Ne4 6. Bd2 Nxd2 7. Qxd2 O-O 8. a3
Be7 9. e4 Nc6 10. g3 d6 11. b4 e5 12. d5 Nd4 13. Nxd4 exd4 14. Nb5 f5 15. Bg2
fxe4 16. Bxe4 Bh3 17. Nxd4 Bf6 18. O-O-O Qd7 19. Ne6 Rf7 20. Qd3 g6 21. Rhe1 Kh8
22. f4 a6 23. Qf3 Bf5 24. Bxf5 gxf5 25. Qd3 b5 26. c5 dxc5 27. Nxc5 Qd8 28. d6
cxd6 29. Qxd6 Qg8 30. Qe6 a5 31. Rd7 Rff8 32. Qxg8+ Kxg8 33. Re2 axb4 34. axb4
Ra1+ 35. Kd2 Rfa8 36. Ke3 Rf1 37. Rd6 Bg7 38. Rd5 Re8+ 39. Kd2 Ra8 40. Rxf5 Ra2+
41. Ke3 Bd4+ 42. Kd3 Rd1+ 43. Ke4 Rxe2+ 44. Kd5 Bxc5+ 45. Kxc5 Rxh2 46. Kxb5 Rg2
47. Rg5+ Kf7 48. Kb6 h6 49. Rh5 Rd6+ 50. Kc5 Rg6 51. g4 R2xg4 52. Rf5+ Rf6 0-1

[Event "Titled Tue 26th Aug Late"]
[Site "chess.com INT"]
[Date "2025.08.26"]
[Round "7"]
[White "Drygalov, Andrey"]
[Black "Rogov, Matfey"]
[Result "0-1"]
[WhiteTitle "GM"]
[BlackTitle "FM"]
[WhiteElo "2431"]
[BlackElo "2348"]
[WhiteFideId "24171735"]
[BlackFideId "44191308"]
[EventDate "2025.08.26"]

1. e4 e5 2. Nf3 f5 3. d4 fxe4 4. Nxe5 d5 5. Qh5+ g6 6. Nxg6 hxg6 7. Qxh8 Kf7 8.
g3 Bg7 9. Qh4 Qxh4 10. gxh4 Bxd4 11. c3 Bf6 12. Bf4 Bxh4 13. Bxc7 Nc6 14. Bg3
Bf6 15. Nd2 Nge7 16. O-O-O Bg4 17. Re1 Rc8 18. Kb1 Bg5 19. Nb3 Nf5 20. Be2 Bh3
21. Rhg1 Bf6 22. Bf4 Rh8 23. Rd1 Nce7 24. Bg4 Rh4 25. Bxh3 Rxf4 26. Bxf5 gxf5
27. Rg2 Rh4 28. f3 f4 29. Nc1 Nf5 30. Rxd5 Ne3 31. Rd7+ Ke6 32. Rgd2 exf3 33.
R2d6+ Kf5 34. Nd3 Rxh2 35. a4 f2 36. Nxf2 Rxf2 37. Rf7 Rxb2+ 38. Kc1 Rc2+ 39.
Kb1 Rf2 40. Rdxf6+ Ke4 41. Rxb7 Nd5 42. Re6+ Kd3 43. Rd7 Kc4 44. Rc6+ Kb3 45.
Rb7+ Ka3 46. Kc1 Ne3 47. Rxa7 Rc2+ 48. Kb1 Rd2 0-1

[Event "Titled Tue 26th Aug Late"]
[Site "chess.com INT"]
[Date "2025.08.26"]
[Round "7"]
[White "Padalka, Artem"]
[Black "Lai, Duc Minh"]
[Result "1-0"]
[WhiteTitle "CM"]
[WhiteElo "2124"]
[BlackElo "2121"]
[WhiteFideId "14118637"]
[BlackFideId "12420387"]
[EventDate "2025.08.26"]

1. d4 f5 2. Nf3 Nf6 3. g3 g6 4. Bg2 Bg7 5. O-O O-O 6. c4 d6 7. d5 Na6 8. Nd4 Bd7
9. Nc3 Qe8 10. Rb1 c6 11. dxc6 bxc6 12. b4 Rb8 13. Qa4 Nxb4 14. Rxb4 Rxb4 15.
Qxb4 c5 16. Qb7 cxd4 17. Nb5 Ne4 18. Qxa7 Bxb5 19. cxb5 Qxb5 20. Qxe7 Qxe2 21.
Bxe4 fxe4 22. Qxd6 e3 23. Qd5+ Kh8 24. Qg2 Qxa2 25. fxe3 Rxf1+ 26. Qxf1 Qe6 27.
Qd3 Qc6 28. Bb2 Qb6 29. Bxd4 Qb8 30. Qc3 Bxd4 31. Qxd4+ Kg8 32. Qd5+ Kg7 33. Kg2
Qc7 34. h4 Qc2+ 35. Kf3 Qc8 36. h5 gxh5 37. Qg5+ Kh8 38. Qxh5 Qf8+ 39. Kg2 Qa8+
40. Qf3 Qa2+ 41. Qf2 Qd5+ 42. Kh2 Qh5+ 43. Kg2 Qd5+ 44. Qf3 Qd2+ 45. Kh3 Qd7+
46. g4 Qe6 47. Kg3 Qe5+ 48. Qf4 Qe8 49. g5 Kg8 50. e4 Qe7 51. Kg4 Qe6+ 52. Qf5
Qc4 53. Kh5 Qe2+ 54. Kh4 Qh2+ 55. Kg4 Qg2+ 56. Kf4 Qh2+ 57. Ke3 1-0

[Event "Titled Tue 26th Aug Late"]
[Site "chess.com INT"]
[Date "2025.08.26"]
[Round "7"]
[White "Clawitter, Craig"]
[Black "Simonovic, Miroslav"]
[Result "1/2-1/2"]
[BlackTitle "CM"]
[WhiteElo "2050"]
[BlackElo "2092"]
[WhiteFideId "2023105"]
[BlackFideId "919152"]
[EventDate "2025.08.26"]

1. e4 c5 2. Nf3 a6 3. c3 d5 4. exd5 Qxd5 5. d4 Nc6 6. Be2 cxd4 7. cxd4 e6 8. Nc3
Bb4 9. O-O Bxc3 10. bxc3 Nf6 11. Ba3 b5 12. Nd2 Bb7 13. Bf3 Qd7 14. Nb3 Nd5 15.
Nc5 Qc7 16. Bxd5 exd5 17. Re1+ Kd8 18. Qg4 g6 19. Qg5+ Kc8 20. Qxd5 Rd8 21. Qf3
b4 22. cxb4 Nxd4 23. Qxb7+ Qxb7 24. Nxb7 Kxb7 25. Re7+ Kb6 26. Bb2 Ra7 27. Rxa7
Kxa7 28. h4 Nc2 29. Rc1 Nxb4 30. Rc7+ Kb6 31. Rxf7 Rd1+ 32. Kh2 Nd3 33. Bd4+ Kb5
34. Be3 h5 35. Rf6 Ra1 36. Rxg6 Rxa2 37. Rg5+ Kc4 38. Rxh5 Nxf2 39. Rc5+ Kd3 40.
Bxf2 Rxf2 41. h5 Rf6 42. Ra5 Rh6 43. g4 Ke4 44. Kh3 Kf4 45. Kh4 Rb6 46. g5 Rb1
47. Ra4+ Kf5 48. g6 Rh1+ 49. Kg3 Rxh5 50. Rxa6 Rg5+ 51. Kf3 Rxg6 52. Ra5+ Kf6
53. Ra6+ Kg7 54. Rxg6+ Kxg6 1/2-1/2